000 00477nam a2200157Ia 4500
008 210716s2006 xx 000 0 und d
020 _a8185984174
041 _aeng
082 _a658.827 SRIR
100 _aSridhar, Ramanujam.
245 _aOne land one billion minds: insights on branding in India.
_bInsights on branding in India.
250 _a1
260 _aMadras
_bProductivity and Quality Publishing Pvt Ltd
_c2006
300 _axv,400
650 _aBrand Management
999 _c201598
_d201598